|
|
|
|
| LEADER |
00000naa2a2200000 4500 |
| 001 |
181215 |
| 005 |
20231031171015.0 |
| 035 |
|
|
|a (RuTPU)RU\TPU\book\196447
|
| 090 |
|
|
|a 181215
|
| 100 |
|
|
|a 20100603d2009 k y0rusy50 ca
|
| 101 |
0 |
|
|a rus
|
| 102 |
|
|
|a RU
|
| 200 |
1 |
|
|a Механизмы влияния жидкости на разрушение горных пород при вдавливании индентора
|f В. Д. Евсеев
|
| 320 |
|
|
|a Библиогр.: 6 назв.
|
| 463 |
|
1 |
|0 (RuTPU)RU\TPU\book\186895
|y 978-5-98298-569-9
|t Проблемы геологии и освоения недр
|o труды XIII Международного симпозиума имени академика М. А. Усова студентов и молодых ученых, посвященного 110-летию со дня рождения К. В. Радугина
|f Томский политехнический университет (ТПУ), Институт геологии и нефтегазового дела (ИГНД)
|v С. 499-502
|d 2009
|p 993 с.
|
| 610 |
1 |
|
|a жидкость
|
| 610 |
1 |
|
|a горные породы
|
| 610 |
1 |
|
|a разрушение
|
| 610 |
1 |
|
|a инденторы
|
| 610 |
1 |
|
|a вдавливание
|
| 610 |
1 |
|
|a труды учёных ТПУ
|
| 700 |
|
1 |
|a Евсеев
|b В. Д.
|c горный инженер
|c профессор Томского политехнического университета, доктор технических наук
|f 1947-
|g Виктор Дмитриевич
|2 stltpush
|3 (RuTPU)RU\TPU\pers\26127
|
| 801 |
|
1 |
|a RU
|b 63413507
|c 20100603
|
| 801 |
|
2 |
|a RU
|b 63413507
|c 20150416
|g RCR
|
| 942 |
|
|
|c BK
|